A color atlas of diseases of lettuce and related salad crops: observation, biology and control/ by Dominique Blancard, Hervé Lot and Brigitte Maisonneuve (Record no. 217212)
[ view plain ]
| 000 -CABECERA | |
|---|---|
| campo de control de longitud fija | 00928nam a2200253Ia 4500 |
| 001 - NÚMERO DE CONTROL | |
| campo de control | Para_9164 |
| 003 - IDENTIFICADOR DEL NÚMERO DE CONTROL | |
| campo de control | OSt |
| 005 - FECHA Y HORA DE LA ÚLTIMA TRANSACCIÓN | |
| campo de control | 20221010134214.0 |
| 008 - DATOS DE LONGITUD FIJA--INFORMACIÓN GENERAL | |
| campo de control de longitud fija | 220602s9999 xx 000 0 und d |
| 020 ## - NÚMERO INTERNACIONAL ESTÁNDAR DEL LIBRO | |
| Número Internacional Estándar del Libro | 978-0-12-372557-8 |
| 040 ## - FUENTE DE LA CATALOGACIÓN | |
| Centro catalogador/agencia de origen | CHAP |
| 082 ## - NÚMERO DE LA CLASIFICACIÓN DECIMAL DEWEY | |
| Número de clasificación | PA 635.52 B523 |
| 100 ## - ENTRADA PRINCIPAL--NOMBRE DE PERSONA | |
| Nombre de persona | Blancard, Dominique |
| 9 (RLIN) | 13053 |
| 245 ## - MENCIÓN DE TÍTULO | |
| Título | A color atlas of diseases of lettuce and related salad crops: observation, biology and control/ by Dominique Blancard, Hervé Lot and Brigitte Maisonneuve |
| 260 ## - PUBLICACIÓN, DISTRIBUCIÓN, ETC. | |
| Lugar de publicación, distribución, etc. | Estados Unidos de América : INRA editions |
| 300 ## - DESCRIPCIÓN FÍSICA | |
| Extensión | 375 p. |
| 503 ## - NOTA DE HISTORIA BIBLIOGRÁFICA (BK CF MU) [OBSOLETO] | |
| Nota de historia bibliográfica | I.259972 (ej.2) |
| 650 ## - PUNTO DE ACCESO ADICIONAL DE MATERIA--TÉRMINO DE MATERIA | |
| Término de materia o nombre geográfico como elemento de entrada | Lechuga - enfermedades \ Lechuga - crecimiento \ Lechuga - fisiologia y morfología |
| 9 (RLIN) | 185025 |
| 700 ## - PUNTO DE ACCESO ADICIONAL--NOMBRE DE PERSONA | |
| Nombre de persona | Lot Hervé, coaut. \ Maisonneuve Brigitte, coaut.Ì |
| 9 (RLIN) | 185026 |
| 901 ## - ELEMENTOS DE DATOS A LOCAL LDA (RLIN) | |
| a | PA 635.52 B523 |
| 902 ## - ELEMENTOS DE DATOS B LOCAL, LDB (RLIN) | |
| a | M |
| 905 ## - ELEMENTOS DE DATOS E LOCAL, LDE (RLIN) | |
| a | 5232202006 -usadn 8000000300eng06 |
| 942 ## - ELEMENTOS DE PUNTO DE ACCESO ADICIONAL (KOHA) | |
| Tipo de ítem Koha | Libro |
| Fuente del sistema de clasificación o colocación | Dewey Decimal Classification |
| Estado de retiro | Estado de pérdida | Fuente del sistema de clasificación o colocación | Estado dañado | Restricciones de uso | No para préstamo | Código de colección | Localización permanente | Ubicación/localización actual | Fecha de adquisición | Número de inventario | Total de préstamos | Signatura topográfica completa | Código de barras | Fecha visto por última vez | Número de copia | Precio válido a partir de | Tipo de ítem Koha | Nota pública |
|---|---|---|---|---|---|---|---|---|---|---|---|---|---|---|---|---|---|---|
| Dewey Decimal Classification | Préstamo interno | General | Parasitologia Agricola | Parasitologia Agricola | 20/07/2006 | (PA_8975) (No. UACh 259972) | PA 635.52 B523 | 4102002056 | 02/06/2022 | Ej.1 | 02/06/2022 | Libro | 2 | |||||
| Dewey Decimal Classification | Préstamo 3 días | General | Parasitologia Agricola | Parasitologia Agricola | 01/02/2012 | (PA_09825) (No. UACh 259972) | PA 635.52 B523 | 4102002057 | 19/09/2025 | Ej.2 | 02/06/2022 | Libro | 3 |
